The Italy Quiz - Statistics

General Stats
  • This quiz has been taken 1,072 times
  • The average score is 8 of 10
Answer Stats
Hint Answer % Correct
The 3 colours of the Italian flag Green, white and red
97%
The Leaning Tower of..... Pisa
97%
Napoli (Naples) is famous for 'inventing' which very popular food (around 1860)? Pizza
96%
The currency pre Euro Lira
87%
The Juventus football team is from which city? Torino
82%
The mountain range that is shared by countries such as Germany and France Alps
81%
Name the two tiny countries surrounded by Italy San Marino and Vatican City
75%
Name the famous city built on islands in the east of the country Venice
75%
What is the famous cycle race that is held in the country every year? Giro d'Italia
58%
Traditional date (the year) for the founding of Rome 753 BC
23%
No matching quizzes found
Score Distribution
Percent of People with Each Score
Percentile by Number Answered
Your Score History
You have not taken this quiz